Škola hry na trubku. Díl 1, Pro LŠU 1.-2. ročník I. cyklu

Hlavní autor: Krčma, Michal
Další autoři: Vaigl, Antonín, 1932-2025
Jazyk: Nelze použít, není lingvistický obsah
Vydáno: Praha : Supraphon, 1977
Vydání: 4. vyd.
Fyzický popis: 63 s. + samostatná příloha: Instruktivní skladby pro trubku s doprovodem klavíru (24 s.)
Hudebniny Hudebniny
Uloženo v:
LEADER 00870ncm a22002292a 4500
001 001204795
003 CZ BrMZK
005 20120430110553.0
007 qu
008 120406s1977 xr |||||||||||||||||zxx d
040 |a BOA001  |b cze 
072 7 |a 788  |x Hudba pro dechové nástroje  |2 Konspekt  |9 9 
100 1 |a Krčma, Michal  |7 ola2003193893  |4 cmp 
245 1 0 |a Škola hry na trubku.  |n Díl 1, Pro LŠU 1.-2. ročník I. cyklu  |h [hudebnina] /  |c Michal Krčma, Antonín Vaigl 
250 |a 4. vyd. 
260 |a Praha :  |b Supraphon,  |c 1977 
300 |a 63 s. +  |e samostatná příloha: Instruktivní skladby pro trubku s doprovodem klavíru (24 s.) 
700 1 |a Vaigl, Antonín,  |d 1932-2025  |7 ola2003193894  |4 cmp 
910 |a BOA001  |b Mus4-0780.123,1 
990 |a MU 
991 |b 201204 
996 6 |b 2619080501  |c Mus4-0780.123,1  |l MZK  |r Sklad / do 1 hodiny  |n 0  |w 001238343  |u 000010  |a 1  |e BOA001  |j MZK50  |s P